Multi-Word Countries per Letter Quiz Stats

 Plays Quiz Updated Jul 14, 2016

Challenge
Share
Tweet
Embed
Score 0/13 Timer 02:00
5 Plays Today
Letter Country/Countries % Correct
SSan Marino, St. Lucia, South Korea, South Sudan, St. Kitts and Nevis, St. Vincent and the Grenadines, São Tomé and Príncipe, Saudi Arabia, Sri Lanka, Sierra Leone, Solomon Islands, South Africa
96%
UUnited Arab Emirates, United Kingdom, United States
85.9%
NNew Zealand, North Korea
85%
CCôte d'Ivoire, Costa Rica, Central African Republic, Cabo Verde
83.1%
DDemocratic Republic of Congo, Dominican Republic
82.7%
BBosnia and Herzegovina, Burkina Faso
73.4%
AAntigua and Barbuda
71.9%
VVatican City
70.9%
TTrinidad and Tobago
68.2%
EEquatorial Guinea, El Salvador
66.8%
PPapua New Guinea
61.6%
RRepublic of the Congo
52%
MMarshall Islands
51.5%

You're not logged in!

Compare scores with friends on all Sporcle quizzes.
Join for Free
OR
Log In

You Might Also Like...

Show Comments

Extras

Top Quizzes Today


Score Distribution

Your Account Isn't Verified!

In order to create a playlist on Sporcle, you need to verify the email address you used during registration. Go to your Sporcle Settings to finish the process.

Report this User

Report this user for behavior that violates our Community Guidelines.

Details: